Juicio ordinario

Guardado en:
Detalles Bibliográficos
Autor principal: Alsina, Hugo (Autor)
Formato: Libro
Lenguaje:español
Publicado: Ciudad de México Jurídica Universitaria 2002
Colección:Clásicos de Procedimientos Civiles, 1-3
Materias:
Etiquetas: Agregar Etiqueta
Sin Etiquetas, Sea el primero en etiquetar este registro!

MARC

LEADER 00000nam a2200000 a 4500
001 UCI4147
003 CL-VaPUC
008 071228e20020000MX |||||||||||||||||spa|d
020 |a 9968380989 Serie Completa 
020 |a 9968381012 t.1 
020 |a 9968380997 t.2 
020 |a 9968381039 t.3 
082 0 4 |a 347.07  |b ALS  |2 21 
100 0 |a Alsina, Hugo  |e author  |9 525845 
245 1 0 |a Juicio ordinario 
246 1 0 |a Juicios ejecutivos y de apremio, medidas precautorias, y tercerías 
246 1 0 |a Juicios especiales 
300 |a 3 t 
942 |c BK 
945 |d 20071228 00:00:00  |a rbrito 
260 |a Ciudad de México  |b Jurídica Universitaria  |c 2002 
500 |a t.1: Juicio ordinario 
500 |a t.2: Juicios ejecutivos y de apremio, medidas precautorias y tercerías 
500 |a t.3: Juicios especiales 
650 7 |a JUICIO ORDINARIO  |2 CL-VaPUC  |9 254867 
650 0 |a Juicio ejecutivo  |9 254866 
650 0 |a Apreciación de la prueba  |9 254854 
650 7 |a JUICIOS ESPECIALES  |2 CL-VaPUC  |9 348378 
650 0 |a Medidas precautorias  |9 258722 
650 7 |a TERCERIAS  |2 CL-VaPUC  |9 384956 
650 0 |a Juicio arbitral  |9 254865 
583 |a last modification  |c 20071228 00:00:00  |k Rodrigo Vera 
490 0 |a Clásicos de Procedimientos Civiles, 1-3 
999 |c 328131  |d 328129 
952 |0 0  |1 0  |4 0  |6 347_070000000000000_ALS_2002  |7 0  |8 A  |9 411908  |a BIBDER  |b BIBDER  |d 2019-11-22  |h t.1  |i 4398793  |o 347.07 ALS 2002  |p 4398793  |r 2023-01-25  |w 2019-11-22  |y BK  |k DER 
952 |0 0  |1 0  |4 0  |6 347_070000000000000_ALS_2002  |7 0  |8 A  |9 411909  |a BIBDER  |b BIBDER  |d 2019-11-22  |h t.2  |i 4398807  |o 347.07 ALS 2002  |p 4398807  |r 2023-01-25  |w 2019-11-22  |y BK  |k DER 
952 |0 0  |1 0  |4 0  |6 347_070000000000000_ALS_2002  |7 0  |8 A  |9 411910  |a BIBDER  |b BIBDER  |d 2019-11-22  |h t.3  |i 4398815  |o 347.07 ALS 2002  |p 4398815  |r 2023-01-25  |w 2019-11-22  |y BK  |k DER